Plantilla del campeón - Copa Confederaciones, Artemio Franchi (1) - Estadísticas

Estadísticas generales
  • Esta prueba ha sido intentada 15 veces
  • La puntuación promedio es 32 de 109
Estadísticas de respuestas
Pos. Jugador Equipo % Correcto
DEF Cafu Roma
91%
MED Diego Armando Maradona Sevilla
91%
MED Michel Platini Juventus
91%
DEF Roberto Carlos Real Madrid
91%
DEL Romario Valencia
91%
DEL Ronaldo Inter
91%
DEL Brian Laudrup Rangers
82%
DEL Gabriel Batistuta Fiorentina
82%
MED Michael Laudrup Real Madrid
82%
MED Rivaldo Barcelona
82%
DEF Ze Roberto Real Madrid
82%
DEL Luis Hernandez Tigres
64%
DEL Bebeto Cruzeiro
55%
DEL Claudio Caniggia Roma
55%
POR Dida Cruzeiro
55%
MED Diego Simeone Sevilla
55%
MED Fernando Redondo Tenerife
55%
POR Luis Islas Independiente
55%
DEF Oscar Ruggeri Ancona
55%
DEF Rafael Marquez Atlas
55%
DEL Claudio Garcia Racing Club
45%
DEL Cuauhtemoc Blanco America
45%
DEF Joel Sanchez America
45%
POR Jorge Campos Pumas
45%
MED Luis Fernandez PSG
45%
MED Rafael Garcia Toluca
45%
POR Rogerio Ceni Sao Paulo
45%
POR Sergio Goycochea Cerro Porteño | Olimpia
45%
DEL Denilson Sao Paulo
36%
MED Juninho Atl.Madrid
36%
MED Leonardo Rodriguez Atalanta
36%
POR Oscar Perez Cruz Azul
36%
DEL Alberto Acosta Boca Juniors | San Lorenzo
27%
DEF Aldair Roma
27%
MED Cesar Sampaio Yokohama Flugels
27%
DEF Claudio Suarez Chivas
27%
DEL Dominique Rocheteau PSG
27%
MED Dunga Jubilo Iwata
27%
MED Flavio Conceicao Depor. La Coruña
27%
POR Joel Bats PSG
27%
MED Nestor Gorosito San Lorenzo
27%
MED Alain Giresse Bordeaux
18%
MED Alejandro Mancuso Boca Juniors
18%
DEF Dario Franco Zaragoza
18%
MED Diego Cagna Independiente
18%
DEF Fabian Basualdo River Plate
18%
POR Fabian Cancelarich Belgrano
18%
MED German Villa Necaxa
18%
MED Jesper Kristensen Brondby
18%
DEF Jorge Borelli Racing Club
18%
MED Jose Luis Villarreal Boca Juniors
18%
MED Julio Saldaña Newell's Old Boys
18%
DEF Junior Baiano Flamengo
18%
DEF Maxime Bossis RC Paris
18%
DEF Ricardo Altamirano River Plate
18%
DEF Sergio Vazquez Rosario Central | U. Catolica
18%
MED Alberto Garcia Aspe America
9%
DEL Bo Hansen Brondby
9%
MED Brian Steen Nielsen Fenerbahce
9%
DEF Carsten Hemmingsen Odense
9%
DEL Daniel Osorno Atlas
9%
MED Doriva Atl.Mineiro
9%
DEL Francisco Palencia Cruz Azul
9%
MED Gerardo Torrado Pumas
9%
DEF Goncalves Cruzeiro
9%
DEF Isaac Terrazas America
9%
DEF Jacob Laursen Silkeborg
9%
DEF Jakob Friis-Hansen Lille
9%
DEF Jens Risager Brondby
9%
DEF Jes Hogh Aalborg
9%
MED Jesus Arellano Chivas
9%
MED Johnny Hansen Odense
9%
DEL Jose Manuel Abundis Toluca
9%
DEL Jose Toure Nantes
9%
POR Lars Hogh Odense
9%
MED Leonardo Milan
9%
DEF Marc Rieper West Ham
9%
DEL Mark Strudal Brondby
9%
DEF Michael Schjonberg Odense
9%
DEF Michel Bibard PSG
9%
MED Miguel Zepeda Atlas
9%
POR Mogens Krogh Brondby
9%
MED Morten Wieghorst Dundee
9%
DEF Nestor Craviotto Independiente
9%
MED Pavel Pardo America
9%
POR Peter Kjaer Silkeborg
9%
DEL Peter Rasmussen Aalborg
9%
MED Ramon Ramirez Tigres
9%
DEF Salvador Carmona Toluca
9%
MED Thierry Tusseau Bordeaux
9%
DEF William Ayache Nantes
9%
DEF Yvon Le Roux Nantes
9%
DEF Ze Maria Parma
9%
POR Albert Rust Sochaux
0%
MED Bruno Bellone Monaco
0%
DEF Jean-Francois Domergue Toulouse
0%
MED Philippe Vercruysse Lens
0%
DEL Yannick Stopyra Toulouse
0%
No se encontraron pruebas coincidentes
Distribución de puntuación
Porcentaje de gente con cada puntuación
Porcentaje por número respondido
Historial de tus puntuaciones
No has intentado esta prueba.